| 000 | 00518cam a2200181ua 4500 | ||
|---|---|---|---|
| 001 | 6031 | ||
| 008 | 131031n ii |||gr||||Z||||||eng | ||
| 020 | _a81-7154-038-4 | ||
| 040 | _cMAIN | ||
| 082 | _a954 | ||
| 245 | 1 | 1 |
_aIntroduction To The Study of Indian History _cBy Damodar Dharmanand Kosambi |
| 260 |
_aBombay: _bPopular Prakashan, _c2004. |
||
| 300 | _aIxiii,407p. | ||
| 653 | _aHistory | ||
| 653 | _aIntroduction To The Study of Indian History | ||
| 700 | 1 |
_aKosambi,Damodar Dharmanand, _eAuthor. |
|
| 942 | _cBK | ||
| 999 |
_c5184 _d5184 |
||